Nightwish songs - Statistics

General Stats
  • This quiz has been taken 867 times
    802 since last reset
  • The average score is 51 of 103
Answer Stats
Album Song % Correct
Nemo
87%
Wishmaster
86%
Amaranth
85%
bonus Sleeping Sun
79%
Ghost Love Score
78%
Storytime
78%
Wish I Had an Angel
77%
Élan
75%
Bye Bye Beautiful
73%
Once 2004 Dark Chest of Wonders
73%
Endless Forms Most Beautiful
73%
Dark Passion Play 2007 The Poet and the Pendulum
72%
The Phantom of the Opera
71%
Angels Fall First
69%
Century Child 2002 Bless the Child
68%
Last Ride of the Day
68%
SONG The Greatest Show on Earth
68%
Imaginaerum
66%
Angels Fall First 1997 Elvenpath
65%
Ever Dream
64%
The Islander
64%
The Crow, the Owl and the Dove
63%
Planet Hell
62%
Beauty and the Beast
61%
Eva
61%
I Want My Tears Back
61%
Wishmaster 2000 She Is My Sin
61%
Endless Forms Most Beautiful 2015 Shudder Before the Beautiful
59%
The Kinslayer
59%
End of All Hope
58%
Romanticide
58%
Song of Myself
58%
The Carpenter
58%
Sahara
57%
Oceanborn 1998 Stargazers
57%
Alpenglow
56%
Dead Boy's Poem
56%
Ghost River
56%
7 Days to the Wolves
55%
Beauty of the Beast
55%
The Siren
55%
Lappi (Lapland)
54%
Gethsemane
53%
Slaying the Dreamer
53%
Imaginaerum 2011 Taikatalvi
53%
Master Passion Greed
51%
Walking in the Air
51%
Creek Mary's Blood
50%
Devil & The Deep Dark Ocean
50%
Scaretale
50%
Yours Is an Empty Hope
50%
Dead to the World
49%
Meadows of Heaven
49%
My Walden
49%
Tutankhamen
49%
Weak Fantasy
49%
Sacrament of Wilderness
48%
Slow, Love, Slow
48%
The Pharaoh Sails to Orion
48%
Edema Ruh
47%
Last of the Wilds
47%
Ocean Soul
47%
Kuolema Tekee Taiteilijan
46%
Arabesque
45%
Cadence of Her Last Breath
45%
Come Cover Me
45%
The Riddler
45%
Turn Loose the Mermaids
45%
Dead Gardens
44%
Moondance
44%
FantasMic
43%
Rest Calm
43%
Deep Silent Complete
40%
Higher Than Hope
40%
Nymphomaniac Fantasia
40%
Swanheart
40%
The Eyes of Sharbat Gula
40%
Astral Romance
39%
Passion and the Opera
39%
Wanderlust
39%
Whoever Brings the Night
39%
Our Decades in the Sun
38%
bonus The Escapist
38%
Feel For You
36%
Crownless
35%
For the Heart I Once Had
34%
Forever Yours
33%
Sleepwalker
33%
Know Why the Nightingale Sings
31%
Two For Tragedy
31%
bonus Lagoon
30%
bonus Nightquest
29%
Bare Grace Misery
28%
bonus The Wayfarer
28%
bonus White Night Fantasy
24%
bonus A Return to the Sea
23%
part III. ~ The Toolmaker
23%
part II. ~ Life
22%
bonus Live to Tell the Tale
18%
Once Upon a Troubadour
18%
part I. ~ Four Point Six
14%
part V. ~ Sea-Worn Driftwood
12%
part IV. ~ The Understanding
11%
No matching quizzes found
Score Distribution
Percent of People with Each Score
Percentile by Number Answered
Your Score History
You have not taken this quiz since the last reset